Giáo trình thực hành Microsoft Word : Dùng cho các phiên bản
Sách trình bày những nội dung kiến thức không quá sâu, nhằm phục vụ cho những người mới bắt đầu làm quen với việc soạn thảo và chỉnh sửa văn bản và tài liệu giảng dạy hữu ích
محفوظ في:
| المؤلف الرئيسي: | |
|---|---|
| مؤلفون آخرون: | |
| التنسيق: | كتاب |
| اللغة: | Vietnamese |
| منشور في: |
H.
Thanh niên
2016
|
| سلاسل: | Tủ sách STK
|
| الموضوعات: | |
| الوسوم: |
إضافة وسم
لا توجد وسوم, كن أول من يضع وسما على هذه التسجيلة!
|
| Thư viện lưu trữ: | Thư viện Trường Đại học Nam Cần Thơ |
|---|
| LEADER | 01614nam a22002537a 4500 | ||
|---|---|---|---|
| 001 | NCT_53160 | ||
| 008 | 181017b xxu||||| |||| 00| 0 vie d | ||
| 999 | |c 2547 |d 2547 | ||
| 020 | |a 9786046456520 |c 92000 | ||
| 082 | 0 | 4 | |2 23rd ed. |a 005.52 |b H305 |
| 100 | 1 | |a Phạm Quang Hiển | |
| 245 | 1 | 0 | |a Giáo trình thực hành Microsoft Word : |b Dùng cho các phiên bản |c Phạm Quang Hiển, Phạm Phương Hoa |
| 260 | |a H. |b Thanh niên |c 2016 | ||
| 300 | |a 350 tr. |b Hình vẽ, bảng |c 24cm | ||
| 490 | |a Tủ sách STK | ||
| 520 | 3 | |a Sách trình bày những nội dung kiến thức không quá sâu, nhằm phục vụ cho những người mới bắt đầu làm quen với việc soạn thảo và chỉnh sửa văn bản và tài liệu giảng dạy hữu ích | |
| 653 | |a Công nghệ thông tin | ||
| 700 | 1 | |a Phạm Phương Hoa | |
| 942 | |2 ddc |c BK | ||
| 952 | |0 0 |1 0 |2 ddc |4 0 |6 005_520000000000000_H305 |7 0 |9 14529 |a 000001 |b 000001 |d 2018-10-17 |o 005.52 H305 |p MD.13581 |r 2018-10-17 |v 92000.00 |w 2018-10-17 |y BK | ||
| 952 | |0 0 |1 0 |2 ddc |4 0 |6 005_520000000000000_H305 |7 0 |9 14530 |a 000001 |b 000001 |d 2018-10-17 |o 005.52 H305 |p MD.13582 |r 2018-10-17 |v 92000.00 |w 2018-10-17 |y BK | ||
| 952 | |0 0 |1 0 |2 ddc |4 0 |6 005_520000000000000_H305 |7 0 |9 14531 |a 000001 |b 000001 |d 2018-10-17 |l 2 |o 005.52 H305 |p MD.13583 |r 2020-05-26 |s 2020-05-23 |v 92000.00 |w 2018-10-17 |y BK | ||
| 952 | |0 0 |1 0 |2 ddc |4 0 |6 005_520000000000000_H305 |7 0 |9 14532 |a 000001 |b 000001 |d 2018-10-17 |o 005.52 H305 |p MD.13584 |r 2018-10-17 |v 92000.00 |w 2018-10-17 |y BK | ||
| 980 | |a Thư viện Trường Đại học Nam Cần Thơ | ||


